| 000 | 00744nam a2200193 4500 | ||
|---|---|---|---|
| 999 |
_c6548 _d6548 |
||
| 008 | 170404b xxu||||| |||| 00| 0 eng d | ||
| 022 | _a0022-3514 | ||
| 082 | _aDPer 155.205 J82 Feb-Apr 2016 v. 110, n. 2-4 | ||
| 100 |
_940946 _aWilcox, Keith. |
||
| 245 |
_aHow being busy can increase motivation and reduce task completion time/ _cKeith, Wilcox [and three others]. |
||
| 260 |
_aWashington DC: _bAmerican Psychological Association, _c©Feb-Apr 2016. |
||
| 300 |
_av110 n3, pages 371-384; _c11 cm. |
||
| 500 | _aJournal of personality and social psychology. | ||
| 650 | 0 |
_919796 _aTime management |
|
| 700 |
_919793 _aLaran, Juliano. |
||
| 700 |
_919794 _aStephen, Andrew T. |
||
| 700 |
_919795 _aZubcsek, Peter P. |
||
| 942 |
_2ddc _cPER |
||